书目信息 |
| 题名: |
中庸智慧心得
|
|
| 作者: | 袁岳 编著 | |
| 分册: | ||
| 出版信息: | 北京 中国长安出版社 2011 |
|
| 页数: | 257页 | |
| 开本: | 24cm | |
| 丛书名: | ||
| 单 册: | ||
| 中图分类: | B222.12 | |
| 科图分类: | ||
| 主题词: | 儒家 | |
| 电子资源: | ||
| ISBN: | 978-7-5107-0341-6 | |
| 000 | 00857nam0 2200253 45 | |
| 001 | 1237633903 | |
| 005 | 20120618083439.87 | |
| 010 | @a978-7-5107-0341-6@dCNY32.00 | |
| 100 | @a20120408d2011 em y0chiy50 ea | |
| 101 | 0 | @achi |
| 102 | @aCN@b110000 | |
| 105 | @ay z 000yy | |
| 106 | @ar | |
| 200 | 1 | @a中庸智慧心得@AZhong Yong Zhi Hui Xin De@f袁岳编著@FYuan Yue Bian Zhu |
| 210 | @a北京@c中国长安出版社@d2011 | |
| 215 | @a257页@d24cm | |
| 330 | @a本书分为:上下通达——《中庸》的持中;大爱无涯——《中庸》的仁爱;诚身有道——《中庸》的诚信;自强不息——《中庸》的图强;和而不流——《中庸》的和谐;大智境界——《中庸》的智慧共六个部分。 | |
| 605 | @a《中庸》@j通俗读物 | |
| 605 | @a《中庸》 | |
| 606 | 0 | @a儒家 |
| 690 | @aB222.12@v4 | |
| 701 | 0 | @a袁岳@AYuan Yue@4编著 |
| 801 | 0 | @aCN@bTSTCL@c20120604 |
| 905 | @b0817587-90@dB222.12@e414@f4 | |
| 中庸智慧心得/袁岳编著.-北京:中国长安出版社,2011 |
| 257页;24cm |
| ISBN 978-7-5107-0341-6:CNY32.00 |
| 本书分为:上下通达——《中庸》的持中;大爱无涯——《中庸》的仁爱;诚身有道——《中庸》的诚信;自强不息——《中庸》的图强;和而不流——《中庸》的和谐;大智境界——《中庸》的智慧共六个部分。 |
| ● |
| 相关链接 |
|
|
|
|
正题名:中庸智慧心得
索取号:B222.12/414
 
预约/预借
| 序号 | 登录号 | 条形码 | 馆藏地/架位号 | 状态 | 备注 |
| 1 | 0817587 | 208175874 | 第一样本阅览室/ [索取号:B222.12/414] | 在馆 | |
| 2 | 0817588 | 208175883 | 第一借阅区/ [索取号:B222.12/414] | 在馆 | |
| 3 | 0817589 | 208175892 | 第一借阅区/ [索取号:B222.12/414] | 在馆 | |
| 4 | 0817590 | 208175909 | 第一借阅区/ [索取号:B222.12/414] | 在馆 |